000 00437nam a2200157Ia 4500
005 20250408013635.0
008 240331s9999 xx 000 0 und d
020 _a0861259742
082 _bKAR
_a100
100 _aKarwe, I
245 0 _aYuganta :
_boru yugattin mutivu
260 _aChennai
_bOrient Longman Ltd
_c1994
300 _a229 p .,
500 _aMaha Bharatham matrum athan pathirangal patriya pugal petra puthagam
942 _cL
999 _c1357
_d1357